000 00677cam a2200217 i 4500
999 _c111089
_d111089
001 19369812
005 20190304102946.0
008 161110s2017 njua b 001 0 eng
020 _a9781119132097 (cloth)
020 _a1119132096 (cloth)
040 _cPK-LaUMT
082 0 0 _a519.55
_223
_bTAN-T
100 1 _aTanaka, Katsuto
245 1 0 _aTime series analysis :
_bnonstationary and noninvertible distribution theory /
_cby Katsuto Tanaka
250 _a2nd ed.
260 _aHoboken :
_bJohn Wiley,
_c2017
300 _axiv, 889 p. :
_billustrations ;
_c25 cm.
490 0 _aWiley series in probability and statistics
650 0 _aTime-series analysis.
942 _cBK